ՀՀ Գիտությունների ազգային ակադեմիայի հիմնարար գիտական գրադարան  =   Fundamental Scientific Library of NAS RA

Декабристы в Армении / (Record no. 131703)

MARC details
000 -LEADER
fixed length control field 01056nam a2200265 u 4500
001 - CONTROL NUMBER
control field 000345767
003 - CONTROL NUMBER IDENTIFIER
control field AM-YeHGA
005 - DATE AND TIME OF LATEST TRANSACTION
control field 20250618072151.0
008 - FIXED-LENGTH DATA ELEMENTS--GENERAL INFORMATION
fixed length control field 040622s1975 ai r 000 0 rus d
040 ## - CATALOGING SOURCE
Original cataloging agency AM-YeHGA
041 0# - LANGUAGE CODE
Language code of text/sound track or separate title rus
090 ## - LOCALLY ASSIGNED LC-TYPE CALL NUMBER (OCLC); LOCAL CALL NUMBER (RLIN)
-- 133069
100 1# - MAIN ENTRY--PERSONAL NAME
Personal name Պարսամյան, Վարդան Արամի,
Dates associated with a name 1909-1990
9 (RLIN) 2581
245 10 - TITLE STATEMENT
Title Декабристы в Армении /
Statement of responsibility, etc. В.А. Парсамян.
260 ## - PUBLICATION, DISTRIBUTION, ETC.
Place of publication, distribution, etc. Ереван :
Name of publisher, distributor, etc. Айастан,
Date of publication, distribution, etc. 1975.
300 ## - PHYSICAL DESCRIPTION
Extent 104 стр. :
Other physical details илл. ;
Dimensions 17 см.
504 ## - BIBLIOGRAPHY, ETC. NOTE
Bibliography, etc. note Постраничные сноски
504 ## - BIBLIOGRAPHY, ETC. NOTE
Bibliography, etc. note Примечания, стр. 231-258
504 ## - BIBLIOGRAPHY, ETC. NOTE
Bibliography, etc. note Указатель имен, стр. 259-266
650 14 - SUBJECT ADDED ENTRY--TOPICAL TERM
Topical term or geographic name entry element История армянского народа
9 (RLIN) 5523
650 14 - SUBJECT ADDED ENTRY--TOPICAL TERM
Topical term or geographic name entry element Освободительное движение
General subdivision Восстание декабристов
653 0# - INDEX TERM--UNCONTROLLED
Uncontrolled term Декабристы
653 0# - INDEX TERM--UNCONTROLLED
Uncontrolled term Декабристы и Армения
653 0# - INDEX TERM--UNCONTROLLED
Uncontrolled term Декабристы и русско-персидская война 1826-1828гг.
Holdings
Withdrawn status Lost status Damaged status Not for loan Collection Home library Current library Date acquired Total checkouts Full call number Barcode Date last seen Price effective from Koha item type Public note Source of classification or shelving scheme
        General Fundamental Scientific Library Fundamental Scientific Library 22/12/2016   P1/37185 110037185 22/12/2016 22/12/2016 Գրքեր / Books 30 Days Loan  
        General Fundamental Scientific Library Fundamental Scientific Library 22/12/2016   P1/37186 110037186 22/12/2016 22/12/2016 Գրքեր / Books 30 Days Loan  
        General Fundamental Scientific Library Fundamental Scientific Library 22/12/2016   PII/363329 FL0327622 22/12/2016 22/12/2016 Գրքեր / Books 30 Days Loan Universal Decimal Classification
        General Fundamental Scientific Library Fundamental Scientific Library 22/12/2016   PII/363330 FL0327621 22/12/2016 22/12/2016 Գրքեր / Books 30 Days Loan Universal Decimal Classification


ՀՀ ԳԱԱ հիմնարար գիտական գրադարան
ՀՀ,Երևան 0019
Մարշալ Բաղրամյան 24/6
հեռախոս:(374-10) 52-47-50
Հետադարձ կապ

All site content, except where otherwise noted, is licensed under a
Creative Commons License